000 00693nam a2200217u 4500
001 000018158
005 20200929165359.0
008 810410s1945 ilua j 000 0 eng d
040 _aDO-SdBNP
_beng
_cLC
_dBNPHU
050 0 0 _aD209
_b.M23 1951
082 _ann*
_bM478
100 1 _aMcClure, Clarence Henry,
_d1873-?
_939347
245 1 4 _aThe background of modern nations.
260 _aChicago :
_bLaidlaw Brothers,
_c1945.
300 _a512 p. :
_bil. ;
_c21 cm.
650 0 _aHistory, modern
_xJuvenile literature.
_939348
700 1 _aScheck, Charles C.
_939349
700 1 _aWringht, W. W.,
_d1875-1956
_q(William Wright Smith)
_939350
910 _aCatalogación derivada
049 _aBNGR
999 _c17679
_d17679